Decision sciences in bioinformatics : theory and practice /

Bioinformatics deals with computational and mathematical approaches for understanding and processing biological data. This book highlights the computational procedures and the applications evolving around biological data, including usage of decision sciences for a variety of applications, namely tex...

Full description

Bibliographic Details
Other Authors: Sumathi, S. (Editor), Rajappa, Suresh V. (Editor), Kumar, B. Vinoth (Editor), P., Surekha (Editor), Sivakumar, P. (Editor)
Format: eBook
Language:English
Published: Boca Raton, FL : CRC Press, 2026.
Subjects:

MARC

Tag First Indicator Second Indicator Subfields
LEADER 00000cam a2200000 i 4500
001 in00005777213
005 20260330150320.3
006 m o d
007 cr cnu---unuuu
008 260109s2026 flua o 000 0 eng d
040 |a UKMGB  |b eng  |e rda  |e pn  |c UKMGB  |d YDX  |d OCLCO  |d TYFRS  |d N$T  |d YDX 
020 |a 9781003449058 (electronic bk.) 
020 |a 9781040719343  |q electronic book 
020 |a 1040719341  |q electronic book 
020 |a 1003449050  |q electronic book 
020 |a 9781040502228  |q electronic book 
020 |a 1040502229  |q electronic book 
020 |z 1032535490 
020 |z 9781032535494 
024 8 |a CIPO000336372 
024 7 |a 10.1201/9781003449058  |2 doi 
035 |a (OCoLC)1570751305 
037 |a 9781003449058  |b Taylor & Francis 
050 4 |a QH324.2  |b .D43 2026 
072 7 |a PS  |2 thema 
072 7 |a PS  |2 bicssc 
072 7 |a COM094000  |2 bisacsh 
072 7 |a UYQ  |2 thema 
072 7 |a TJFM  |2 thema 
072 7 |a MQW  |2 thema 
072 7 |a UYD  |2 thema 
072 7 |a UB  |2 thema 
072 7 |a UNF  |2 thema 
072 7 |a UYQ  |2 bicssc 
072 7 |a TJFM  |2 bicssc 
072 7 |a MQW  |2 bicssc 
072 7 |a UYD  |2 bicssc 
072 7 |a UB  |2 bicssc 
072 7 |a UNF  |2 bicssc 
072 7 |a COM021030  |2 bisacsh 
072 7 |a TEC059000  |2 bisacsh 
082 0 4 |a 570.285  |2 23/eng/20260305 
245 0 0 |a Decision sciences in bioinformatics :  |b theory and practice /  |c edited by S. Sumathi, Suresh V. Rajappa, B. Vinoth Kumar, Surekha P., P. Sivakumar. 
264 1 |a Boca Raton, FL :  |b CRC Press,  |c 2026. 
300 |a 1 online resource (192 pages) :  |b illustrations (black and white) 
336 |a text  |b txt  |2 rdacontent 
337 |a computer  |b c  |2 rdamedia 
338 |a online resource  |b cr  |2 rdacarrier 
520 |a Bioinformatics deals with computational and mathematical approaches for understanding and processing biological data. This book highlights the computational procedures and the applications evolving around biological data, including usage of decision sciences for a variety of applications, namely text mining, "OMIC" sciences, systems biology, analyzing biological/medical images, computer-aided diagnosis/treatment of diseases, decision sciences for public health with COVID-19 data, biodiversity, smart wearables, personalized medicine, data deluge issues, and knowledge management. Key Features: Presents exclusive material on decision sciences in bioinformatics Highlights the computational procedures and applications evolving around biological data Provides solutions to problems in bioinformatics with decision sciences Addresses the research gaps in bioinformatics Includes case studies emphasizing societal needs This book is aimed at researchers and graduate students in bioinformatics and data analytics. 
532 1 |3 EBSCOhost  |a "EBSCO evaluates our products based on the Web Content Accessibility Guidelines (WCAG) and the related Section 508 and EN 301 549 regulations in the US and EU. Most EBSCO products are substantially conformant with WCAG 2.2 level AA." Source: https://connect.ebsco.com/s/article/EBSCO-VPATs?language=en_US. Last accessed April 22, 2025. 
650 0 |a Bioinformatics. 
650 6 |a Bio-informatique. 
650 7 |a Bioinformatics  |2 fast 
700 1 |a Sumathi, S.,  |e editor. 
700 1 |a Rajappa, Suresh V.,  |e editor. 
700 1 |a Kumar, B. Vinoth,  |e editor.  |1 https://id.oclc.org/worldcat/entity/E39PCjJJGhJ8vGPJHPtPRVJ343 
700 1 |a P., Surekha,  |e editor. 
700 1 |a Sivakumar, P.,  |e editor. 
776 0 8 |i Print version:  |z 9781032535494 
776 0 8 |i Print version:  |z 1032535490  |z 9781032535494  |w (OCoLC)1535623990 
852 8 |b POD  |z This title is available for the library to purchase for your use. Click the "Purchase It For Me" button to place a request. This item will take 5-10 business days to arrive. 
955 |a Ebook POD title 
961 |m 565731 
999 f f |i 3a49ec9b-4abe-40d3-966d-6cf5e73a55a2  |s 187bfbc2-8f81-4264-961e-1c3fb55c7fe7  |t 0 
952 f f |a Texas A&M University  |b College Station  |c Sterling C. Evans Library  |s Evans POD  |d Purchase on Demand  |t 0  |e QH324.2 .D43 2026  |h Library of Congress classification 
998 f f |a QH324.2 .D43 2026  |t 0  |l Purchase on Demand